书目信息 |
| 题名: |
立宪派与辛亥革命
|
|
| 作者: | 张朋园 著 | |
| 分册: | ||
| 出版信息: | 上海 上海三联书店 2013 |
|
| 页数: | 327页 | |
| 开本: | 23cm | |
| 丛书名: | ||
| 单 册: | ||
| 中图分类: | K256.507 , K257.07 | |
| 科图分类: | ||
| 主题词: | 立宪君主制--研究--中国--清后期 , 立宪君主制--影响--辛亥革命--研究 , 立宪君主制 , 辛亥革命 | |
| 电子资源: | ||
| ISBN: | 978-7-5426-3990-5 | |
| 000 | 00951nam0 2200289 450 | |
| 001 | 523 | |
| 005 | 20140910105725.50 | |
| 010 | @a978-7-5426-3990-5@dCNY32.00 | |
| 100 | @a20130710d2013 em y0chiy50 ea | |
| 101 | 0 | @achi |
| 102 | @aCN@b310000 | |
| 105 | @ay z 000yy | |
| 106 | @ar | |
| 200 | 1 | @a立宪派与辛亥革命@ALi Xian Pai Yu Xin Hai Ge Ming@f张朋园著@FZhang Peng Yuan Zhu |
| 210 | @a上海@c上海三联书店@d2013 | |
| 215 | @a327页@d23cm | |
| 300 | @a张朋园合集 | |
| 330 | @a本书探讨了立宪运动对革命的影响及立宪派在辛亥革命中的地位,分析了立宪派的背景、信仰和组织,以及他们的群众基础和活动的方法及其所发生的影响等。 | |
| 606 | 0 | @a立宪君主制@x研究@y中国@z清后期 |
| 606 | 0 | @a立宪君主制@x影响@x辛亥革命@x研究 |
| 606 | 0 | @a立宪君主制 |
| 606 | 0 | @a辛亥革命 |
| 690 | @aK256.507@v5 | |
| 690 | @aK257.07@v5 | |
| 701 | 0 | @a张朋园@AZhang Peng Yuan@f(1926~)@4著 |
| 801 | 0 | @aCN@bTANGWEI@c20140603 |
| 905 | @b0839974-76@dK256.507@e53@f3 | |
| 立宪派与辛亥革命/张朋园著.-上海:上海三联书店,2013 |
| 327页;23cm |
| 张朋园合集 |
| ISBN 978-7-5426-3990-5:CNY32.00 |
| 本书探讨了立宪运动对革命的影响及立宪派在辛亥革命中的地位,分析了立宪派的背景、信仰和组织,以及他们的群众基础和活动的方法及其所发生的影响等。 |
| ● |
| 相关链接 |
|
|
|
|
正题名:立宪派与辛亥革命
索取号:K256.507/53
 
预约/预借
| 序号 | 登录号 | 条形码 | 馆藏地/架位号 | 状态 | 备注 |
| 1 | 0839974 | 208399749 | 第二样本阅览室/ [索取号:K256.507/53] | 在馆 | |
| 2 | 0839975 | 208399758 | 第二借阅区/ [索取号:K256.507/53] | 在馆 | |
| 3 | 0839976 | 208399767 | 第二借阅区/ [索取号:K256.507/53] | 在馆 |